000
00312nam a2200121 a 4500
005
20140414132112.0
008
110805s19uu xx 00 eng d
050
_a
ER
_b
Fr922 1970
100
_a
Lobel, Arnold
245
_a
Frog and toad are friends.
260
_a
New York :
_b
Scholastic,
_c
1970.
999
_c
114799
_d
114799